[Event "España ch sub-16 2010"]
[Site "Linares ESP"]
[Date "2010.07.24"]
[Round "8.9"]
[White "Montanes Arribas, Adrian"]
[Black "Beltran, De Heredia E  Migue"]
[Result "1/2-1/2"]
[WhiteElo "2155"]
[BlackElo "2078"]
[PlyCount "47"]
[EventDate "2010.07.20"]
[EventType "swiss"]
[EventRounds "9"]
[EventCountry "ESP"]
[Source "lmi"]
[SourceDate "2010.07.20"]

1. e4 e6 2. d4 d5 3. Nd2 dxe4 4. Nxe4 Nf6 5. Nxf6+ gxf6 6. Nf3 b6 7. Bd3 Bb7 8.
Bf4 Nd7 9. Qe2 Bd6 10. Bg3 Qe7 11. Ba6 Bxa6 12. Qxa6 Bxg3 13. hxg3 Qb4+ 14. c3
Qxb2 15. O-O Qxc3 16. Rac1 Qa5 17. Qb7 Qd5 18. Rc6 O-O 19. Rxc7 Qxb7 20. Rxb7
Nb8 21. Rc1 Na6 22. Rc4 Rfb8 23. Rxb8+ Rxb8 24. Ra4 1/2-1/2

[Event "España ch sub-16 2010"]
[Site "Linares ESP"]
[Date "2010.07.24"]
[Round "8.10"]
[White "Vazquez Torres, Adrian"]
[Black "Molina Rodriguez, Borja"]
[Result "1/2-1/2"]
[WhiteElo "2210"]
[BlackElo "2036"]
[PlyCount "46"]
[EventDate "2010.07.20"]
[EventType "swiss"]
[EventRounds "9"]
[EventCountry "ESP"]
[Source "lmi"]
[SourceDate "2010.07.20"]

1. e4 c5 2. Nf3 Nc6 3. Bb5 g6 4. O-O Bg7 5. Re1 e5 6. Nc3 Nge7 7. Nd5 O-O 8. d3
d6 9. Bc4 h6 10. Nxe7+ Qxe7 11. c3 Be6 12. Bxe6 Qxe6 13. Qb3 Qxb3 14. axb3 b6
15. Nd2 Rad8 16. Nc4 Rd7 17. Ne3 Ne7 18. Kf1 f5 19. f3 Rf7 20. Nd5 Nxd5 21.
exd5 Rde7 22. Bd2 e4 23. Bf4 exf3 1/2-1/2

[Event "España ch sub-16 2010"]
[Site "Linares ESP"]
[Date "2010.07.24"]
[Round "8.11"]
[White "Angeleri Rodrigo, Norberto"]
[Black "Montoliu Cervero, Francisco"]
[Result "1-0"]
[WhiteElo "2031"]
[BlackElo "2153"]
[PlyCount "59"]
[EventDate "2010.07.20"]
[EventType "swiss"]
[EventRounds "9"]
[EventCountry "ESP"]
[Source "lmi"]
[SourceDate "2010.07.20"]

1. e4 c5 2. Nf3 d6 3. d4 cxd4 4. Nxd4 Nf6 5. Nc3 g6 6. Be3 Bg7 7. f3 Nc6 8. Qd2
O-O 9. Bc4 Bd7 10. O-O-O Rb8 11. Bb3 Na5 12. h4 b5 13. Kb1 Nc4 14. Bxc4 bxc4
15. Ka1 Qb6 16. Rb1 Qa5 17. h5 Nxh5 18. g4 Nf6 19. Bh6 Rb6 20. Bxg7 Kxg7 21.
Qh6+ Kg8 22. Nf5 Bxf5 23. exf5 d5 24. g5 Nh5 25. Rxh5 gxh5 26. f6 exf6 27. gxf6
Rxf6 28. Qxf6 Qc5 29. Qg5+ Kh8 30. Rg1 1-0

[Event "España ch sub-16 2010"]
[Site "Linares ESP"]
[Date "2010.07.24"]
[Round "8.12"]
[White "Fernandez Lledo, Javier"]
[Black "Navarro Molina, David"]
[Result "0-1"]
[WhiteElo "2145"]
[BlackElo "2012"]
[PlyCount "152"]
[EventDate "2010.07.20"]
[EventType "swiss"]
[EventRounds "9"]
[EventCountry "ESP"]
[Source "lmi"]
[SourceDate "2010.07.20"]

1. e4 c5 2. Nf3 e6 3. d4 cxd4 4. Nxd4 Nc6 5. Nc3 Qc7 6. Be3 a6 7. Qd2 b5 8.
O-O-O b4 9. Na4 Nf6 10. f3 Ne5 11. Nb3 Rb8 12. Bc5 Bxc5 13. Naxc5 d5 14. Qg5
O-O 15. f4 Nc4 16. e5 Nd7 17. Nxd7 Bxd7 18. Bd3 f5 19. g4 Ne3 20. gxf5 Nxf5 21.
Rhg1 Ba4 22. Bxa6 Bxb3 23. axb3 Ra8 24. Bd3 Qc5 25. Bxf5 Ra1+ 26. Kd2 Qf2+ 27.
Kd3 Qf3+ 28. Kd2 Rxd1+ 29. Rxd1 Rxf5 30. Qg3 Rxf4 31. Qxf3 Rxf3 32. Re1 Kf7 33.
c3 g5 34. Re3 Rf2+ 35. Re2 Rf4 36. cxb4 Rxb4 37. Kc3 Rf4 38. b4 Kg6 39. b3 g4
40. b5 h5 41. b6 h4 42. Ra2 Rf8 43. Kb4 Kg5 44. Kc5 g3 45. hxg3 hxg3 46. Kd6 d4
47. b7 d3 48. Rd2 Kf4 49. Rxd3 g2 50. Rd1 Rd8+ 51. Kxe6 Rxd1 52. b8=Q g1=Q 53.
Qf8+ Ke4 54. Qa8+ Ke3 55. Qa7+ Rd4 56. Kf6 Qf2+ 57. Ke6 Qf8 58. b4 Qh6+ 59. Kf5
Qf8+ 60. Ke6 Qc8+ 61. Kf6 Ke4 62. Qh7+ Ke3 63. Qa7 Qd8+ 64. Ke6 Qd5+ 65. Kf6
Kd2 66. Qc5 Qd8+ 67. Qe7 Rf4+ 68. Ke6 Qg8+ 69. Kd6 Rd4+ 70. Kc7 Rc4+ 71. Kd6
Rxb4 72. e6 Qg3+ 73. Kc6 Qc3+ 74. Kd6 Qd4+ 75. Kc6 Qb6+ 76. Kd5 Qa5+ 0-1

[Event "España ch sub-16 2010"]
[Site "Linares ESP"]
[Date "2010.07.24"]
[Round "8.13"]
[White "Shatko, Danil"]
[Black "Quintin Navarro, Alberto"]
[Result "0-1"]
[WhiteElo "2011"]
[BlackElo "2139"]
[PlyCount "112"]
[EventDate "2010.07.20"]
[EventType "swiss"]
[EventRounds "9"]
[EventCountry "ESP"]
[Source "lmi"]
[SourceDate "2010.07.20"]

1. d4 Nf6 2. c4 d6 3. Nc3 e5 4. dxe5 dxe5 5. Qxd8+ Kxd8 6. Bg5 c6 7. Nf3 Nbd7
8. a3 Kc7 9. e3 a5 10. Be2 Bc5 11. O-O h6 12. Bh4 Re8 13. Rab1 a4 14. Nd2 Nh7
15. Bd3 Nhf8 16. Bc2 Nb6 17. Nce4 Nfd7 18. Nxc5 Nxc5 19. Bg3 f5 20. f3 g6 21.
Rbc1 Nbd7 22. Nb1 b6 23. Rfd1 Ba6 24. Nd2 Rad8 25. e4 f4 26. Bf2 Ra8 27. Bb1
Bb7 28. Rc3 Ne6 29. Ba2 c5 30. Rcc1 Nb8 31. Nb1 Nc6 32. Nc3 Ncd4 33. Kf1 g5 34.
Nd5+ Bxd5 35. cxd5 Nf8 36. Bxd4 exd4 37. Rxd4 Kd6 38. Rd2 Nd7 39. Rb1 Ne5 40.
Kf2 c4 41. Rc2 b5 42. h3 h5 43. Rh1 Rh8 44. Bb1 g4 45. hxg4 hxg4 46. Rxh8 Rxh8
47. fxg4 Rh1 48. Ba2 Nd3+ 49. Ke2 Nc1+ 50. Kf2 Nxa2 51. g5 Ke5 52. g6 Rh6 53.
Rd2 Rxg6 54. Rd1 c3 55. bxc3 Nxc3 56. Rh1 Nxe4+ 0-1

[Event "España ch sub-16 2010"]
[Site "Linares ESP"]
[Date "2010.07.24"]
[Round "8.14"]
[White "Ontanon Gomez, Pablo"]
[Black "Silva Rodriguez, Julio"]
[Result "1/2-1/2"]
[WhiteElo "2002"]
[BlackElo "2126"]
[PlyCount "81"]
[EventDate "2010.07.20"]
[EventType "swiss"]
[EventRounds "9"]
[EventCountry "ESP"]
[Source "lmi"]
[SourceDate "2010.07.20"]

1. e4 e6 2. d4 d5 3. Nc3 Bb4 4. e5 c5 5. a3 Bxc3+ 6. bxc3 Qa5 7. Bd2 Qa4 8. Qb1
c4 9. Nf3 Nc6 10. g3 Bd7 11. Bg2 O-O-O 12. O-O h6 13. h4 g6 14. Nh2 f6 15. f4
Rf8 16. Nf3 Nge7 17. Bh3 Nf5 18. Bxf5 gxf5 19. Kh2 Rhg8 20. exf6 Rxf6 21. Ne5
Nxe5 22. fxe5 Rfg6 23. Bf4 Bc6 24. Rf2 Qa5 25. Qb2 Qd8 26. Kh3 Rg4 27. Qc1 Qe8
28. Qe3 Qh5 29. Rg2 Ba4 30. Ra2 R4g6 31. Qe2 Qxe2 32. Rxe2 R6g7 33. Rg2 h5 34.
Bg5 Rc7 35. Rg1 Kd7 36. Rb1 Rb8 37. Rb4 Bc6 38. Kg2 b5 39. Rb1 a5 40. Rab2 Rcb7
41. Kf2 1/2-1/2

[Event "España ch sub-16 2010"]
[Site "Linares ESP"]
[Date "2010.07.24"]
[Round "8.15"]
[White "Buiza Prieto, Aizbeltz"]
[Black "Rodriguez Ferraz, Borja"]
[Result "0-1"]
[WhiteElo "1828"]
[BlackElo "2108"]
[PlyCount "52"]
[EventDate "2010.07.20"]
[EventType "swiss"]
[EventRounds "9"]
[EventCountry "ESP"]
[Source "lmi"]
[SourceDate "2010.07.20"]

1. e4 e5 2. Nf3 Nc6 3. Bc4 Nf6 4. Ng5 d5 5. exd5 Na5 6. Bb5+ c6 7. dxc6 bxc6 8.
Be2 h6 9. Nf3 e4 10. Ne5 Bd6 11. f4 Qb6 12. b3 Nd5 13. Rf1 Bf5 14. Bb2 Rd8 15.
Qc1 O-O 16. Na3 Qc7 17. Nac4 Nxc4 18. Nxc4 Nxf4 19. Ne3 Bg6 20. Ba3 Bxa3 21.
Qxa3 Nxe2 22. Kxe2 Qxh2 23. Qa5 Qg3 24. Rae1 Rd5 25. Nxd5 Bh5+ 26. Rf3 exf3+
0-1

[Event "España ch sub-16 2010"]
[Site "Linares ESP"]
[Date "2010.07.25"]
[Round "9.3"]
[White "Forcen Esteban, Daniel"]
[Black "Segarra Martinez, Axel"]
[Result "1-0"]
[WhiteElo "2379"]
[BlackElo "1956"]
[PlyCount "69"]
[EventDate "2010.07.20"]
[EventType "swiss"]
[EventRounds "9"]
[EventCountry "ESP"]
[Source "lmi"]
[SourceDate "2010.07.20"]

1. e4 e6 2. d4 d5 3. Nc3 Bb4 4. e5 b6 5. Qg4 Bf8 6. Bb5+ Bd7 7. Be2 Ne7 8. Bg5
c5 9. Nb5 Bxb5 10. Bxb5+ Nd7 11. c3 h6 12. Bd2 Nf5 13. Nf3 Be7 14. h4 h5 15.
Qf4 Qc7 16. Bd3 g6 17. Ng5 Nb8 18. f3 Nc6 19. g4 Bxg5 20. hxg5 Ng7 21. Qf6 Rg8
22. Kf2 c4 23. Bc2 Qe7 24. Ba4 Rc8 25. b3 a6 26. bxc4 dxc4 27. Bxc6+ Rxc6 28.
d5 Rc8 29. d6 Qd8 30. Be3 Rb8 31. Rhb1 hxg4 32. fxg4 b5 33. a4 Rb7 34. axb5
axb5 35. Qxd8+ 1-0

[Event "España ch sub-16 2010"]
[Site "Linares ESP"]
[Date "2010.07.25"]
[Round "9.4"]
[White "Suarez Uriel, Adrian"]
[Black "Villar Perez, Samuel"]
[Result "1/2-1/2"]
[WhiteElo "2157"]
[BlackElo "2072"]
[PlyCount "60"]
[EventDate "2010.07.20"]
[EventType "swiss"]
[EventRounds "9"]
[EventCountry "ESP"]
[Source "lmi"]
[SourceDate "2010.07.20"]

1. e4 c5 2. Nf3 d6 3. d4 cxd4 4. Nxd4 Nf6 5. Nc3 a6 6. Bc4 e6 7. Be3 Nbd7 8.
Qe2 Nc5 9. O-O-O Bd7 10. Nb3 Nfxe4 11. Nxe4 Nxe4 12. Bf4 Bc6 13. Nd4 d5 14. f3
Nc5 15. Rhe1 Bd6 16. Bxd6 Qxd6 17. Nf5 Qf4+ 18. Kb1 Qxf5 19. g4 Qf4 20. Bxd5
O-O 21. Bxc6 bxc6 22. Qf2 Qb4 23. c3 Qb6 24. Re4 Nd7 25. Qd2 Nf6 26. Rd4 Rab8
27. c4 a5 28. h4 Qb4 29. Qe2 Qb6 30. Qd2 Qc5 1/2-1/2

[Event "España ch sub-16 2010"]
[Site "Linares ESP"]
[Date "2010.07.25"]
[Round "9.5"]
[White "Pardo Simon, David"]
[Black "Donado-Mazarron Gomez, Miguel"]
[Result "1-0"]
[WhiteElo "2354"]
[BlackElo "1880"]
[PlyCount "55"]
[EventDate "2010.07.20"]
[EventType "swiss"]
[EventRounds "9"]
[EventCountry "ESP"]
[Source "lmi"]
[SourceDate "2010.07.20"]

1. e4 c5 2. Nf3 d6 3. d4 cxd4 4. Qxd4 Nc6 5. Bb5 Bd7 6. Bxc6 Bxc6 7. Nc3 Nf6 8.
Bg5 e6 9. O-O-O Be7 10. Qd3 a6 11. Nd4 O-O 12. f4 d5 13. Bxf6 Bxf6 14. e5 Be7
15. f5 Bd7 16. g4 b5 17. Kb1 b4 18. Nce2 a5 19. Nf4 Qb6 20. Nh5 Rfc8 21. f6 Bf8
22. fxg7 Be7 23. Rhf1 a4 24. Rxf7 Qc5 25. Rxe7 Qxe7 26. Nf6+ Qxf6 27. exf6 Be8
28. Qe2 1-0

[Event "España ch sub-16 2010"]
[Site "Linares ESP"]
[Date "2010.07.25"]
[Round "9.6"]
[White "Valhondo Morales, Ruben"]
[Black "Alcaraz Ortega, Javier"]
[Result "1/2-1/2"]
[WhiteElo "1874"]
[BlackElo "2242"]
[PlyCount "154"]
[EventDate "2010.07.20"]
[EventType "swiss"]
[EventRounds "9"]
[EventCountry "ESP"]
[Source "lmi"]
[SourceDate "2010.07.20"]

1. e4 d6 2. d4 g6 3. f4 Bg7 4. Nf3 Bg4 5. c3 Nd7 6. Bd3 c5 7. d5 Ngf6 8. Nbd2
O-O 9. O-O Re8 10. h3 Bxf3 11. Nxf3 c4 12. Bc2 Qc7 13. Re1 e6 14. dxe6 Rxe6 15.
f5 Ree8 16. Bf4 Qb6+ 17. Kh1 Nc5 18. Qxd6 Qxd6 19. Bxd6 Nfxe4 20. Bxc5 Nxc5 21.
Kg1 Kf8 22. Kf2 b5 23. Ng5 Bh6 24. Ne4 Nd3+ 25. Bxd3 cxd3 26. Rad1 Re5 27. Nd6
Rd5 28. Ne4 Rxf5+ 29. Kg1 Rd8 30. Nf2 Rfd5 31. g3 f5 32. Re6 Kf7 33. Ra6 R8d7
34. Kg2 d2 35. a4 Re5 36. axb5 Rxb5 37. b4 Bg7 38. Rc6 Rbb7 39. Rc5 Bf8 40. Re5
Rbc7 41. Re3 Bg7 42. Nd3 Kf8 43. Nc5 Rd6 44. Ne6+ Rxe6 45. Rxe6 Bxc3 46. b5 Ba5
47. Kf2 Rd7 48. Ra6 Bb6+ 49. Ke2 Rd5 50. Rxd2 Rxb5 51. Rd7 Rb3 52. Rxh7 Rxg3
53. Ra4 Kg8 54. Rd7 Re3+ 55. Kd2 Re4 56. Ra2 Rd4+ 57. Rxd4 Bxd4 58. Kd3 Bb6 59.
Ke2 Kg7 60. Kf3 Kf6 61. Re2 g5 62. Re8 Kf7 63. Re5 Kg6 64. Rb5 Bd8 65. Rb8 Be7
66. Rb7 Bc5 67. Rc7 Bd4 68. Rd7 Bg1 69. Rd1 Bc5 70. Rd5 Bb4 71. Rb5 a5 72. Rb6+
Kh5 73. Rb7 g4+ 74. hxg4+ fxg4+ 75. Kf4 Bd2+ 76. Kf5 g3 77. Rg7 a4 1/2-1/2

[Event "España ch sub-16 2010"]
[Site "Linares ESP"]
[Date "2010.07.25"]
[Round "9.7"]
[White "Navarro Molina, David"]
[Black "Meneses, Gonzalez Kevin Mois"]
[Result "1/2-1/2"]
[WhiteElo "2012"]
[BlackElo "2172"]
[PlyCount "131"]
[EventDate "2010.07.20"]
[EventType "swiss"]
[EventRounds "9"]
[EventCountry "ESP"]
[Source "lmi"]
[SourceDate "2010.07.20"]

1. d4 d5 2. c4 e6 3. Nc3 Nf6 4. Bg5 Be7 5. Nf3 h6 6. Bh4 O-O 7. e3 Ne4 8. Bg3
Bb4 9. Qc2 b6 10. Rd1 Bb7 11. Bd3 Nd7 12. O-O Nxg3 13. hxg3 dxc4 14. Bxc4 Qe7
15. e4 e5 16. Nd5 Bxd5 17. Bxd5 Rac8 18. Bb7 Rb8 19. Qxc7 Bd6 20. Qc6 exd4 21.
Rxd4 Ne5 22. Qxd6 Nxf3+ 23. gxf3 Qxd6 24. Rxd6 Rxb7 25. Rc1 Re8 26. Kf1 Kf8 27.
Ke2 Ke7 28. Rcc6 Rd7 29. Rd3 Red8 30. Rxd7+ Rxd7 31. b4 h5 32. Ke3 g6 33. b5
Kf8 34. f4 Ke7 35. a4 Kd8 36. e5 Rd1 37. Rc4 Re1+ 38. Kf3 Kd7 39. Rd4+ Ke7 40.
Rc4 Kd7 41. Re4 Ra1 42. Rd4+ Ke6 43. Ke3 Re1+ 44. Kd2 Rf1 45. Ke2 Ra1 46. Rd6+
Ke7 47. Rd4 Ra3 48. f3 Ke6 49. Rd6+ Ke7 50. Rd4 Ke6 51. Rc4 Kd7 52. Rd4+ Ke6
53. Kf2 Ke7 54. g4 hxg4 55. fxg4 Ke6 56. Kg2 Ke7 57. Kf2 Ke6 58. Kg2 g5 59.
Rd6+ Ke7 60. f5 Rxa4 61. Kf3 Rf4+ 62. Kg3 Re4 63. f6+ Ke8 64. Rd5 Re3+ 65. Kf2
Rc3 66. Ke2 1/2-1/2

[Event "España ch sub-16 2010"]
[Site "Linares ESP"]
[Date "2010.07.25"]
[Round "9.8"]
[White "Quintin Navarro, Alberto"]
[Black "Cerrato Torrijos, Maria"]
[Result "1-0"]
[WhiteElo "2139"]
[BlackElo "2064"]
[PlyCount "47"]
[EventDate "2010.07.20"]
[EventType "swiss"]
[EventRounds "9"]
[EventCountry "ESP"]
[Source "lmi"]
[SourceDate "2010.07.20"]

1. d4 Nf6 2. c4 g6 3. f3 d5 4. cxd5 Nxd5 5. e4 Nb6 6. Nc3 Bg7 7. Be3 O-O 8. Qd2
Nc6 9. O-O-O f5 10. h4 fxe4 11. h5 gxh5 12. Rxh5 Bf5 13. Bh6 Bg6 14. Bxg7 Kxg7
15. Qh6+ Kg8 16. Rg5 Qd6 17. Nxe4 Qf4+ 18. Rd2 Rad8 19. Rxg6+ hxg6 20. Qxg6+
Kh8 21. g3 Qe3 22. Ng5 Qe1+ 23. Rd1 Qe3+ 24. Kb1 1-0

[Event "España ch sub-16 2010"]
[Site "Linares ESP"]
[Date "2010.07.25"]
[Round "9.9"]
[White "Rodriguez Ferraz, Borja"]
[Black "Angeleri Rodrigo, Norberto"]
[Result "1/2-1/2"]
[WhiteElo "2108"]
[BlackElo "2031"]
[PlyCount "135"]
[EventDate "2010.07.20"]
[EventType "swiss"]
[EventRounds "9"]
[EventCountry "ESP"]
[Source "lmi"]
[SourceDate "2010.07.20"]

1. d4 d5 2. c4 c6 3. cxd5 cxd5 4. Nc3 Nf6 5. Nf3 Nc6 6. Bf4 Ne4 7. e3 Nxc3 8.
bxc3 g6 9. Bd3 Bg7 10. O-O O-O 11. Rc1 b6 12. c4 Nb4 13. Qd2 Nxd3 14. Qxd3 Ba6
15. Nd2 dxc4 16. Qa3 Qc8 17. Qb4 g5 18. Bg3 Qe6 19. Rc3 h5 20. h3 h4 21. Bh2 g4
22. hxg4 Qxg4 23. Qxe7 Rfe8 24. Qa3 h3 25. g3 Qc8 26. Re1 Bf8 27. Qb2 b5 28.
Nf3 b4 29. Rcc1 Qc6 30. Nh4 c3 31. Qc2 Bb7 32. f3 Qf6 33. Qf2 Bh6 34. Rc2 Rad8
35. g4 Rxe3 36. Rxe3 Bxe3 37. Qxe3 Qxh4 38. Re2 Bc6 39. Qf4 Re8 40. Rxe8+ Bxe8
41. Qe4 Bc6 42. Qe3 Qd8 43. Be5 f6 44. Bg3 c2 45. Qb3+ Kg7 46. Qxc2 Qxd4+ 47.
Bf2 Qd5 48. Qe2 a5 49. Qe7+ Kg6 50. Qf8 Qxa2 51. Qh8 Qd5 52. Kh2 Kf7 53. Qh7+
Ke8 54. Qg6+ Kd7 55. Qg7+ Kc8 56. Bg3 Qd7 57. Qxf6 Kb7 58. Qf4 Qd5 59. Qb8+ Ka6
60. Bf2 Bb7 61. Qf8 Qxf3 62. Qxf3 Bxf3 63. Kxh3 a4 64. Kg3 Bd5 65. Bd4 a3 66.
Bc5 Kb5 67. Be7 b3 68. Bxa3 1/2-1/2

[Event "España ch sub-16 2010"]
[Site "Linares ESP"]
[Date "2010.07.25"]
[Round "9.10"]
[White "Beltran, De Heredia E  Migue"]
[Black "Nieto Asencio, Mari Carmen"]
[Result "1-0"]
[WhiteElo "2078"]
[BlackElo "1952"]
[PlyCount "157"]
[EventDate "2010.07.20"]
[EventType "swiss"]
[EventRounds "9"]
[EventCountry "ESP"]
[Source "lmi"]
[SourceDate "2010.07.20"]

1. e4 c5 2. Nf3 g6 3. d4 cxd4 4. Nxd4 Nc6 5. Nc3 Bg7 6. Nb3 Nf6 7. g4 d6 8. g5
Nd7 9. h4 h5 10. gxh6 Bxh6 11. Bxh6 Rxh6 12. Qd2 Rh7 13. O-O-O Na5 14. Be2
Nxb3+ 15. axb3 Qa5 16. Kb1 Nf6 17. Qg5 Qxg5 18. hxg5 Nh5 19. f4 Bd7 20. Rh2
O-O-O 21. Rdh1 Rdh8 22. Bf3 Bc6 23. Nd5 Bxd5 24. exd5 f5 25. Bxh5 gxh5 26. g6
Rg7 27. Rxh5 Rxh5 28. Rxh5 Rxg6 29. Rxf5 Rg1+ 30. Ka2 Rg2 31. c3 Kc7 32. b4 b5
33. Kb3 Re2 34. Rf8 Rf2 35. Ra8 Kb7 36. Re8 Rxf4 37. Rxe7+ Kb6 38. Rd7 Rf6 39.
Kc2 a6 40. Kd3 a5 41. bxa5+ Kxa5 42. Re7 Rf2 43. b4+ Kb6 44. Rd7 Rf6 45. Ke4
Rh6 46. Kf5 Rh5+ 47. Ke6 Rh6+ 48. Ke7 Rh7+ 49. Kxd6 Rh3 50. Rf7 Rxc3 51. Rf4
Rc4 52. Ke5 Rc1 53. Rf6+ Kc7 54. Rf7+ Kc8 55. d6 Rb1 56. Rf4 Kd7 57. Kd5 Rd1+
58. Kc5 Rc1+ 59. Kxb5 Kxd6 60. Rf7 Rb1 61. Rh7 Rb2 62. Ka5 Kc6 63. Rh6+ Kb7 64.
Kb5 Rb1 65. Rh7+ Kb8 66. Ka5 Kc8 67. b5 Kb8 68. Kb6 Kc8 69. Rh8+ Kd7 70. Rb8
Rb2 71. Ka7 Ra2+ 72. Kb7 Rb2 73. b6 Rb1 74. Rh8 Rb2 75. Rh6 Rb1 76. Kb8 Rb2 77.
b7 Rb1 78. Ka7 Kc7 79. b8=Q+ 1-0

[Event "España ch sub-16 2010"]
[Site "Linares ESP"]
[Date "2010.07.25"]
[Round "9.11"]
[White "Molina Rodriguez, Borja"]
[Black "Martinez Ramirez, Erik"]
[Result "1/2-1/2"]
[WhiteElo "2036"]
[BlackElo "2216"]
[PlyCount "96"]
[EventDate "2010.07.20"]
[EventType "swiss"]
[EventRounds "9"]
[EventCountry "ESP"]
[Source "lmi"]
[SourceDate "2010.07.20"]

1. e4 c5 2. Nf3 Nc6 3. d4 cxd4 4. Nxd4 g6 5. c4 Bg7 6. Nc2 d6 7. Be2 f5 8. exf5
Bxf5 9. O-O Nh6 10. Nc3 O-O 11. Be3 Bxc2 12. Qxc2 Nf5 13. Qd2 Rc8 14. Rac1 Ncd4
15. Bd3 b6 16. b3 Qd7 17. Be4 Nxe3 18. Qxe3 Nf5 19. Bd5+ Kh8 20. Qe4 Bxc3 21.
Rxc3 Ng7 22. Re3 e5 23. f4 Qf5 24. Ref3 Qxe4 25. Bxe4 Ne6 26. fxe5 dxe5 27. Bd5
Rxf3 28. Rxf3 Nf4 29. Re3 Re8 30. Bc6 Rd8 31. h3 Rd1+ 32. Kh2 Rd6 33. Bf3 Nd3
34. Be2 Nc1 35. Rxe5 Rd2 36. Bf1 Rf2 37. Kg1 Rxa2 38. b4 Nb3 39. c5 bxc5 40.
bxc5 Rc2 41. Re8+ Kg7 42. Re7+ Kh6 43. Rxa7 Rxc5 44. Be2 Nd2 45. Rd7 Ne4 46.
Bf3 Nf6 47. Rd4 Kg5 48. Kf2 Rc2+ 1/2-1/2

[Event "España ch sub-16 2010"]
[Site "Linares ESP"]
[Date "2010.07.25"]
[Round "9.12"]
[White "Madurga Lopez, Ignacio"]
[Black "Vazquez Torres, Adrian"]
[Result "1/2-1/2"]
[WhiteElo "2024"]
[BlackElo "2210"]
[PlyCount "48"]
[EventDate "2010.07.20"]
[EventType "swiss"]
[EventRounds "9"]
[EventCountry "ESP"]
[Source "lmi"]
[SourceDate "2010.07.20"]

1. e4 c5 2. Nf3 e6 3. c3 Nf6 4. Bd3 Qc7 5. Bc2 Nc6 6. Qe2 d5 7. d3 Be7 8. O-O
b6 9. Bg5 O-O 10. e5 Nd7 11. Bxe7 Nxe7 12. d4 Ng6 13. Ng5 Re8 14. f4 cxd4 15.
cxd4 Ba6 16. Bd3 Nxf4 17. Bxh7+ Kh8 18. Qxa6 f6 19. Nf7+ Kxh7 20. Rxf4 Qc1+ 21.
Qf1 Qe3+ 22. Qf2 Qd2 23. Qf1 Qc1 24. Rf2 Qe3 1/2-1/2

[Event "España ch sub-16 2010"]
[Site "Linares ESP"]
[Date "2010.07.25"]
[Round "9.13"]
[White "Nieto De La Cruz, Julio"]
[Black "Ontanon Gomez, Pablo"]
[Result "1/2-1/2"]
[WhiteElo "2208"]
[BlackElo "2002"]
[PlyCount "78"]
[EventDate "2010.07.20"]
[EventType "swiss"]
[EventRounds "9"]
[EventCountry "ESP"]
[Source "lmi"]
[SourceDate "2010.07.20"]

1. d4 c5 2. d5 Nf6 3. c4 e6 4. Nc3 exd5 5. cxd5 d6 6. e4 g6 7. f4 Bg7 8. Bb5+
Bd7 9. e5 dxe5 10. fxe5 Qe7 11. Nf3 Ng4 12. d6 Qd8 13. O-O O-O 14. Bg5 Qb6 15.
Bc4 Qxb2 16. Rc1 Nxe5 17. Nxe5 Bxe5 18. Rc2 Qa3 19. Nd5 Ba4 20. Ne7+ Kg7 21.
Qd2 Bxc2 22. Bh6+ Kh8 23. Bxf8 Nd7 24. Bh6 Qa4 25. Qe2 b5 26. Qf3 Rb8 27. Bxf7
Qd4+ 28. Kh1 Qh4 29. Bf4 Bxf4 30. Qxf4 Qxf4 31. Rxf4 Rf8 32. Rf2 Bd3 33. Kg1
Kg7 34. Be6 Rxf2 35. Kxf2 Nf8 36. Bc8 Kf7 37. Nc6 Bf5 38. Ba6 Ke6 39. Bxb5 Kxd6
1/2-1/2

[Event "España ch sub-16 2010"]
[Site "Linares ESP"]
[Date "2010.07.25"]
[Round "9.14"]
[White "Balague Camps, Marc"]
[Black "Montanes Arribas, Adrian"]
[Result "1-0"]
[WhiteElo "1964"]
[BlackElo "2155"]
[PlyCount "75"]
[EventDate "2010.07.20"]
[EventType "swiss"]
[EventRounds "9"]
[EventCountry "ESP"]
[Source "lmi"]
[SourceDate "2010.07.20"]

1. c4 e6 2. Nf3 d5 3. e3 Nf6 4. Nc3 c5 5. cxd5 exd5 6. d4 Nc6 7. Be2 a6 8. O-O
Be7 9. dxc5 Bxc5 10. Nd4 O-O 11. Bf3 Ne5 12. Be2 Ba7 13. b3 Re8 14. Bb2 Bg4 15.
h3 Bxe2 16. Ncxe2 Rc8 17. Ng3 Ne4 18. Ngf5 Bb8 19. Ne2 Qg5 20. Nfd4 Ng6 21. Nf3
Qd8 22. Ned4 Qd7 23. Qd3 f5 24. Ne2 Qd6 25. Nf4 Nxf4 26. exf4 Qxf4 27. Qxd5+
Kh8 28. Qf7 Rg8 29. Rac1 Rcd8 30. Rfd1 Nd6 31. Qd5 Qe4 32. Ne5 Qxd5 33. Rxd5
Rgf8 34. Rcd1 Rc8 35. Ba3 Nb5 36. Bxf8 Bxe5 37. Rxe5 Rxf8 38. Rxf5 1-0

[Event "España ch sub-16 2010"]
[Site "Linares ESP"]
[Date "2010.07.25"]
[Round "9.15"]
[White "Nicolas Zapata, Irene"]
[Black "Silva Rodriguez, Julio"]
[Result "1-0"]
[WhiteElo "1962"]
[BlackElo "2126"]
[PlyCount "89"]
[EventDate "2010.07.20"]
[EventType "swiss"]
[EventRounds "9"]
[EventCountry "ESP"]
[Source "lmi"]
[SourceDate "2010.07.20"]

1. d4 d5 2. Nf3 Nf6 3. g3 c6 4. Bg2 Bf5 5. O-O e6 6. c4 dxc4 7. Ne5 Nbd7 8.
Nxc4 Be7 9. Nc3 Bg4 10. Bf4 Nb6 11. Ne5 O-O 12. Qd3 Bh5 13. Rac1 Nfd7 14. Be4
f5 15. Bg2 Nxe5 16. Bxe5 Bf6 17. Bxf6 Qxf6 18. e3 Rad8 19. Qc2 e5 20. Ne2 e4
21. Nf4 Bf7 22. h4 Nd5 23. Nxd5 Bxd5 24. Qa4 a6 25. b4 h6 26. Qc2 g5 27. hxg5
hxg5 28. a4 b5 29. axb5 axb5 30. Ra1 Rd7 31. Ra6 Rh7 32. Rc1 Qh6 33. Rxc6 Bxc6
34. Qxc6 Qh2+ 35. Kf1 f4 36. Qd5+ Kh8 37. Qe5+ Rg7 38. Rc7 Qh6 39. exf4 gxf4
40. gxf4 Kg8 41. Rxg7+ Qxg7 42. Bxe4 Qxe5 43. fxe5 Rc8 44. Ke2 Rc4 45. Bd5+ 1-0